000 01031nam a2200265Ia 4500
003 OSt
005 20221005103706.0
006 a|||||r|||| 00| 0
007 ta
008 221004b |||||||| |||| 00| 0 hin d
020 _a8187322764 (hbk)
_c1600
024 _a14754
037 _b147, 28/10/2014, Eastern Book Linkers
_cTextual
040 _aCRL
_cCRL
_bhin
041 _2hin
_ahin
082 _aNA44,2:3(Delta:864), 152Q4.1-.2
100 _aद्विवेदी, राजकुमार
245 0 _aवास्तु तत्त्व विचार
246 _aVāstu tattva vichāra
260 _aदिल्ली
_bअमर ग्रन्थ पब्लिकेशन्स भारत
_c2014
490 _vभाग 1
650 _aल्थ्ल्त् क्ल्ज्ञ
942 _hNA44,2:3(Delta:864), 152Q4.1-.2
_cTEXL
_2cc
999 _c1010641
_d1010641